Statistics for Countries Britney Spears has visited

Click here to take the quiz!

General Stats

  • This quiz has been taken 116 times
  • The average score is 28 of 37

Answer Stats

ContinentCountry% Correct
AsiaChina
97%
South AmericaBrazil
96%
EuropeUnited Kingdom
96%
OceaniaAustralia
93%
North AmericaCanada
93%
EuropeFrance
93%
AsiaJapan
92%
North AmericaUnited States of America
92%
EuropeItaly
91%
Asia/ EuropeRussia
91%
EuropeGermany
89%
North AmericaMexico
89%
South AmericaArgentina
86%
EuropeIreland
86%
EuropeSweden
84%
South AmericaColombia
83%
EuropeBelgium
79%
South AmericaChile
79%
EuropeAustria
78%
EuropeNorway
78%
EuropePortugal
78%
Europethe Netherlands
77%
EuropeFinland
74%
South AmericaPeru
73%
AsiaSouth Korea
73%
EuropeDenmark
72%
EuropeSwitzerland
70%
South AmericaVenezuela
67%
AsiaThailand
63%
EuropeUkraine
63%
EuropeHungary
60%
AsiaIsrael
56%
AsiaUnited Arab Emirates
53%
EuropeCroatia
52%
Asiathe Philippines
50%
AsiaTaiwan
48%
North AmericaDominican Republic
43%

Score Distribution

Percentile by Number Answered

Percent of People with Each Score

Your Score History

You have not taken this quiz